000 00471pab a2200181 454500
008 180718b2004 xxu||||| |||| 00| 0 eng d
100 _aKukreti, B.R.
245 _aTechnical education in India: some analytical view points
260 _c2004
300 _ap.9-13,19.
362 _a22 Mar
650 _aTechnical education - India
650 _aTechnical education
700 _aGihar, S.
700 _aSaxena, M.K.
773 _aUniversity News
909 _a59990
999 _c59990
_d59990